LEADER 01260nam a2200289 u 4500 001 000000080223 003 CaOOAMICUS 005 20070226123625.0 008 040705s2001 enkab u000 u eng u 020 $a0826463398 035 $a11003002 040 $aPUL$bita 100 1 $aZevit, Ziony.$0(OLS)http://pul/name/52266 245 14$aThe religions of ancient Israel :$ba synthesis of parallactic approaches /$cZiony Zevit. 260 $aLondon :$bContinuum,$cc2001. 300 $axx, 821 p. :$bill., c. geogr. ;$c25 cm 500 $aComprende indici dei soggetti e degli autori. 504 $a"Bibliography": p. [694]-751. 650 4$aGiudaismo$xStoria.$0(OLS)http://pul/subject/76 651 4$aPalestina$xReligione.$0(OLS)http://pul/subject/23426 651 4$aPalestina$xAntichità.$0(OLS)http://pul/subject/16118 850 $aPUL 852 $aPUL$W1$xSL Religione 3$y85$m200. 933 ZEVZI 1$j102481$nBK-PRI$qDDC 21$B102481$CPULBib$Z2$F102481 $HPUL95798 $82 941 1 $a9 996 $6020$a0826463398$9(OLS)http://pul/number/105948 996 $6245$aThe religions of ancient Israel :$ba synthesis of parallactic approaches$9(OLS)http://pul/title/105085 996 $6260$aLondon :$bContinuum$9(OLS)http://pul/publisher/71390 LEADER 01107nam a2200289 u 4500 001 000000082487 003 CaOOAMICUS 005 20070226123852.0 008 050414s2005 it ae u000 u ita u 020 $a8810430069 035 $a11039130 040 $aPUL$bita 100 1 $aValenziano, Crispino.$0(OLS)http://pul/name/41985 245 10$aArchitetti di chiese /$cCrispino Valenziano. 260 $aBologna :$bEDB,$cc2005. 300 $a316 p. :$bill., piante ;$c24 cm 490 1 $aManuali 500 $aInclude indici. 504 $aInclude riferimenti bibliografici. 650 4$aArchitettura sacra.$0(OLS)http://pul/subject/5623 830 0$aManuali (Edizioni Dehoniane).$0(OLS)http://pul/title/107780 850 $aPUL 852 $aPUL$W1$xSL Cons. Gen., Altre Classi 3$y75$m726 Valcr 1$j105090$nBK-PRI$b $qDDC 21$B105090$CPULBib$Z2$F105090 $HPUL98102 $81 941 1 $a9 996 $6020$a8810430069$9(OLS)http://pul/number/109334 996 $6245$aArchitetti di chiese$9(OLS)http://pul/title/107779 996 $6260$aBologna :$bEDB$9(OLS)http://pul/publisher/56073